000 00775nam a2200253Ia 4500
003 OSt
005 20220923220153.0
006 a|||||r|||| 00| 0
007 ta
008 220922b |||||||| |||| 00| 0 hin d
024 _a184,754
037 _cTextual
040 _aARTS
_cARTS
_bhin
041 _2hin
_ahin
082 _aO152,1NSDx, M4
100 _aसनातन देव
245 0 _aमाधुर्य सोदमिनी
246 _aMādhurya sodaminī
260 _aइलाहाबाद
_b संकीर्तन भवन
_c1984
300 _a147 पृ.
_ccm.
650 _aहिन्दी साहित्य
_9156264
942 _hO152,1NSDx, M4
_cTEXL
_2CC
999 _c338038
_d338038